000 00866nam a2200217Ia 4500
999 _c40213
_d40213
001 6820
003 GE_BSU
005 20200116115517.0
008 181216s1973||||g |||||||||||||| ||geo||
040 _cGE_BSU
041 _ageo
080 _a821.353.1-32 გ-61
100 _aგოგოლაძე, თენგიზ.
_96148
245 _aგული მისცეს გულისათვის :
_bმოთხრობები /
_cთენგიზ გოგოლაძე : რედ. მ. ჯაფარიძე.
264 _aთბილისი :
_bმერანი,
_c1973.
300 _a220 გვ. ;
_c20 სმ.
653 _aგული მისცეს გულისათვის
653 _aმოთხრბები
700 _aჯაფარიძე. მ.
_eრედაქტორი
_94185
942 _cBK
_2udc